Loading...
| Current Events | 1 | 10.00 | 0% | 600% | 0% |
| Fine Arts - Auditory | 4 | 10.00 | 1,525% | 150% | 150% |
| Fine Arts - Other | 3 | 10.00 | 0% | 200% | 400% |
| Fine Arts - Visual | 7 | 8.57 | 514% | 257% | 143% |
| History - American | 3 | 6.67 | 0% | 367% | 0% |
| History - European | 6 | 11.67 | 1,617% | 283% | 100% |
| History - Other | 4 | 5.00 | 0% | 150% | 150% |
| History - World | 6 | 11.67 | 1,800% | 383% | 0% |
| Literature - American | 2 | 10.00 | 3,050% | 0% | 0% |
| Literature - British | 4 | 12.50 | 2,150% | 0% | 250% |
| Literature - European | 4 | 7.50 | 1,525% | 125% | 0% |
| Literature - World | 7 | 10.00 | 1,229% | 0% | 329% |
| Mythology | 5 | 12.00 | 1,220% | 220% | 240% |
| Other Academic | 2 | 15.00 | 0% | 300% | 600% |
| Philosophy | 5 | 12.00 | 500% | 320% | 200% |
| Pop Culture | 1 | 20.00 | 0% | 500% | 500% |
| Religion | 7 | 11.43 | 2,414% | 86% | 157% |
| Science - Biology | 1 | 10.00 | 0% | 600% | 0% |
| Science - Chemistry | 4 | 7.50 | 1,525% | 150% | 0% |
| Science - Other | 5 | 14.00 | 1,940% | 0% | 440% |
| Science - Physics | 2 | 20.00 | 3,050% | 550% | 0% |
| Social Science | 4 | 15.00 | 625% | 425% | 275% |